Statistics for MAMAMOO All Korean Songs

Click here to take the quiz!

General Stats

  • This quiz has been taken 98 times
  • The average score is 30 of 86

Answer Stats

Answer% Correct
HIP
95%
AYA
85%
gogobebe
84%
Starry Night
84%
Egotistic
80%
Décalcomanie
75%
Dingga
71%
Wind flower
71%
Piano Man
65%
Yes I Am
60%
Taller Than You
58%
Destiny
56%
Mr. Ambiguous
53%
Diamond
51%
HELLO
51%
Hello
51%
I Miss You
47%
TRAVEL
47%
Chuck
42%
Um Oh Ah Yeh
42%
Sleep in the Car
40%
4x4ever
38%
Aze Gag
38%
Be Calm
38%
Better
38%
Good Night
38%
Paint Me
38%
You're the Best
38%
My Star
36%
Universe
36%
25
35%
Angel
35%
Memory
35%
New York
35%
Selfish
35%
Waggy
35%
Dab Dab
33%
No more drama
33%
Rainy Season
33%
Peppermint Chocolate
31%
Ten Nights
31%
WANNA BE MYSELF
31%
ZzZz
31%
Morning
29%
Rude Boy
29%
Sky! Sky!
29%
Star Wind Flower Sun
29%
Ahh Oop!
27%
Bad bye
27%
Cat Fight
27%
Don't Be Happy
27%
Heeheehaheho
27%
I Love Too
27%
Love & Hate
27%
rEALITY
27%
Words Don't Come Easy
27%
Hello Mama
25%
High Tension
25%
I'm Your Fan
25%
Better than I thought
24%
Midnight Summer Dream
24%
4season
22%
Baton Touch
22%
Finally
22%
Spring Fever
22%
Where R U
22%
Funky Boy
20%
Moderato
20%
My Hometown
20%
No No No
20%
Recipe
20%
Self Camera
20%
Da Ra Da
18%
Emotion
18%
Freakin Shoes
18%
From Winter to Spring
18%
Woo Hoo
18%
A Little Bit
16%
Friday Night
16%
Girl Crush
16%
I Do Me
16%
Just
16%
Gentleman
15%
Love Lane
13%
Everyday
9%
From Autumn to Winter
7%

Score Distribution

Percentile by Number Answered

Percent of People with Each Score

Your Score History

You have not taken this quiz